Piwo piotrkowskie od drugiej połowy XV do końca XVIII wieku
| Titel: | Piwo piotrkowskie od drugiej połowy XV do końca XVIII wieku = Beer brewed in Piotrków from the second half of the 15th to the end of the 18th century : piwowarstwo w średnim mieście Korony Polskiej : studium przypadku / Marcin Łukasz Majewski |
|---|---|
| Verfasser: | |
| Ausgabe: | Wydanie I |
| Veröffentlicht: | Łódź : Księży Młyn Dom Wydawniczy, 2022 |
| Umfang: | 352, 344 Seiten, 16 ungezählte Seiten : Illustrationen, 1 Faltkartenbeilage ; 29 cm |
| Format: | Buch |
| Sprache: | Polnisch; Englisch |
| ISBN: | 9788377296783 |
| Hinweise zum Inhalt: |
Inhaltsverzeichnis
Buch Bibliographie Register Cover |
alg: 50908387 001A $03004:27-06-23 001B $01999:12-12-24 $t02:50:30.000 001D $03004:27-06-23 001U $0utf8 001X $00 002@ $0Aau 002C $aText $btxt $2rdacontent 002D $aohne Hilfsmittel zu benutzen $bn $2rdamedia 002E $aBand $bnc $2rdacarrier 003@ $0509083870 003O $01386706124 $aOCoLC 004A $A978-83-7729-678-3 007A $01838429840 $aKXP 007G $0DE020DC042D05880329E7C12589E90022C99A 009P $qapplication/pdf $A2 $3Inhaltsverzeichnis $uhttp://scans.hebis.de/HEBCGI/show.pl?50908387_toc.pdf $mV:DE-603;B:DE-Mb50 009P $qapplication/pdf $A2 $3Buch Bibliographie $uhttp://scans.hebis.de/HEBCGI/show.pl?50908387_bib.pdf $mV:DE-603;B:DE-Mb50 009P $qapplication/pdf $A2 $3Register $uhttp://scans.hebis.de/HEBCGI/show.pl?50908387_idx.pdf $mV:DE-603;B:DE-Mb50 009P $qapplication/pdf $A2 $3Cover $uhttp://scans.hebis.de/HEBCGI/show.pl?50908387_cov.pdf $mV:DE-603;B:DE-Mb50 010@ $apol $aeng 010E $erda 011@ $a2022 $n2022 021A $aPiwo piotrkowskie od drugiej połowy XV do końca XVIII wieku $dpiwowarstwo w średnim mieście Korony Polskiej : studium przypadku $fBeer brewed in Piotrków from the second half of the 15th to the end of the 18th century $hMarcin Łukasz Majewski 028A $BVerfasser $4aut $8Majewski, Marcin Łukasz$Z1988- [Tp3] $948817905X 032@ $aWydanie I 033A $pŁódź $nKsięży Młyn Dom Wydawniczy 034D $a352, 344 Seiten, 16 ungezählte Seiten 034I $a29 cm 034M $aIllustrationen, 1 Faltkartenbeilage 037A $aWendebuch 037A $aQuellen- und Literaturverzeichnis: Seite 323-334 + 315-326 037A $aPersonenregister 044K $qK10plus $8Piotrków Trybunalski [Tg1] $9491307632 044K $qK10plus $#Beer industry $#Brasserie $#Brauereigewerbe $#Brauereigewerbe $#Braugewerbe $#Brauindustrie $#Brauwesen $#Bierwirtschaft $74069637-6 $8Brauwirtschaft [Ts1] $9085195715 045F $a330.0943809024 $eDDC23BSB 045F/01 $a330.09 045F/03 $f09024 045F/03 $f09031 045F/03 $f09032 045F/03 $f09033 045F/03 $g438 045R $aGeschichte 1450-1800 046L $aText parallel in polnischer und englischer Sprache lok: 50908387 24 exp: 50908387 24 1 #EPN 201B/01 $004-07-23 $t10:44:43.000 201C/01 $027-06-23 201U/01 $0utf8 203@/01 $01238376703 208@/01 $a27-06-23 $bz 209A/01 $a23.02221 $du $f050 $h23 02221 $x00 209C/01 $a23.02221 T $h23 02221 T 209G/01 $a74738729 $x00 220C/01 $ajwa/bar 247C/01 $8358050-7Marburg, Bibliothek des Herder-Instituts Marburg $9102600961
| LEADER | 00000cam a2200000 c 4500 | ||
|---|---|---|---|
| 001 | 509083870 | ||
| 003 | DE-603 | ||
| 005 | 20241212025030.0 | ||
| 007 | tu | ||
| 008 | 230627s2022 xx |||| | u00||u|pol c | ||
| 020 | |a 9788377296783 | ||
| 035 | |a (DE-599)KXP1838429840 | ||
| 035 | |a (OCoLC)1386706124 | ||
| 040 | |a DE-603 |b ger |c DE-603 |d DE-603 |e rda | ||
| 041 | |a pol |a eng | ||
| 082 | 0 | 4 | |8 1\u |a 330.0943809024 |q DE-101 |2 23/BSB |
| 085 | |8 1\u |b 330.09 | ||
| 085 | |8 1\u |z 1 |s 09024 | ||
| 085 | |8 1\u |z 1 |s 09031 | ||
| 085 | |8 1\u |z 1 |s 09032 | ||
| 085 | |8 1\u |z 1 |s 09033 | ||
| 085 | |8 1\u |z 2 |s 438 | ||
| 100 | 1 | |a Majewski, Marcin Łukasz |d 1988- |e Verfasser |4 aut |0 (DE-603)48817905X |0 (DE-588)1246840545 |2 gnd | |
| 245 | 0 | 0 | |a Piwo piotrkowskie od drugiej połowy XV do końca XVIII wieku |b = Beer brewed in Piotrków from the second half of the 15th to the end of the 18th century : piwowarstwo w średnim mieście Korony Polskiej : studium przypadku |c Marcin Łukasz Majewski |
| 250 | |a Wydanie I | ||
| 264 | 1 | |a Łódź |b Księży Młyn Dom Wydawniczy |c 2022 | |
| 300 | |a 352, 344 Seiten, 16 ungezählte Seiten |b Illustrationen, 1 Faltkartenbeilage |c 29 cm | ||
| 336 | |a Text |b txt |2 rdacontent | ||
| 337 | |a ohne Hilfsmittel zu benutzen |b n |2 rdamedia | ||
| 338 | |a Band |b nc |2 rdacarrier | ||
| 500 | |a Wendebuch | ||
| 500 | |a Quellen- und Literaturverzeichnis: Seite 323-334 + 315-326 | ||
| 500 | |a Personenregister | ||
| 546 | |a Text parallel in polnischer und englischer Sprache | ||
| 648 | 7 | |a Geschichte 1450-1800 |2 gnd | |
| 650 | 7 | |a Brauwirtschaft |0 (DE-588)4069637-6 |0 (DE-603)085195715 |2 gnd | |
| 651 | 7 | |a Piotrków Trybunalski |0 (DE-588)125272070X |0 (DE-603)491307632 |2 gnd | |
| 856 | 4 | 2 | |m V:DE-603;B:DE-Mb50 |q application/pdf |u http://scans.hebis.de/HEBCGI/show.pl?50908387_toc.pdf |3 Inhaltsverzeichnis |
| 856 | 4 | 2 | |m V:DE-603;B:DE-Mb50 |q application/pdf |u http://scans.hebis.de/HEBCGI/show.pl?50908387_bib.pdf |3 Buch Bibliographie |
| 856 | 4 | 2 | |m V:DE-603;B:DE-Mb50 |q application/pdf |u http://scans.hebis.de/HEBCGI/show.pl?50908387_idx.pdf |3 Register |
| 856 | 4 | 2 | |m V:DE-603;B:DE-Mb50 |q application/pdf |u http://scans.hebis.de/HEBCGI/show.pl?50908387_cov.pdf |3 Cover |
| 924 | 0 | |9 Mb 50 |a (DE-603)1238376703 |b DE-Mb50 |c HES |d c |g 23.02221 | |


